Exercises in theoretical statistics : with answers and hints on solutions /
Guardado en:
| Autor Principal: | |
|---|---|
| Formato: | Libro |
| Idioma: | English |
| Publicado: |
London :
Griffin,
1968.
|
| Edición: | 3rd ed. |
| Etiquetas: |
Agregar Etiqueta
Sin Etiquetas, Sea el primero en etiquetar este registro!
|
| LEADER | 00791nam a2200181ua 4500 | ||
|---|---|---|---|
| 001 | MAT.inmabb002587 | ||
| 008 | 820714s1968####enk######b####000#0#eng## | ||
| 005 | 20160413123645.0 | ||
| 245 | 1 | 0 | |a Exercises in theoretical statistics : |b with answers and hints on solutions / |c M. G. Kendall. |
| 250 | |a 3rd ed. | ||
| 260 | |a London : |b Griffin, |c 1968. | ||
| 300 | |a 179 p. ; |c 23 cm. | ||
| 500 | |a "The problems have been arranged in five main groups: distribution theory (100 exercices), sampling theory (100), relationship (75), estimation and inference (75) and time-series (50)"--Foreword. | ||
| 504 | |a Incluye referencias bibliográficas. | ||
| 100 | 1 | |a Kendall, Maurice G. |q (Maurice George), |d 1907-1983. | |
| 084 | |a 62-01 |2 msc2000 | ||
| 040 | |a DLC |c CarP |d DLC | ||
| 859 | |h 62 |i K33e-3 |p A-8258 |b BIB. MATEMATICA | ||
